[Event "National Elementary Championship"]
[Site "Columbus, Ohio, United States"]
[Date "2022.05.15"]
[Round "6.11"]
[White "Liu, Aiden"]
[Black "Ho, Carter"]
[Result "0-1"]
[TimeControl "G/90;d5"]
[WhiteElo "2015"]
[BlackElo "2033"]

1. e4 {[%clk 01:30:00]} {[%emt 00:00:02]} c5 {[%clk 01:30:00]} {[%emt
00:00:04]} 2. Nf3 {[%clk 01:30:00]} {[%emt 00:00:02]} e6 {[%clk 01:30:00]}
{[%emt 00:00:02]} 3. d4 {[%clk 01:30:00]} {[%emt 00:00:03]} cxd4 {[%clk
01:30:00]} {[%emt 00:00:03]} 4. Nxd4 {[%clk 01:30:00]} {[%emt 00:00:03]} Nf6
{[%clk 01:30:00]} {[%emt 00:00:02]} 5. Nc3 {[%clk 01:30:00]} {[%emt 00:00:04]}
Nc6 {[%clk 01:30:00]} {[%emt 00:00:03]} 6. Ndb5 {[%clk 01:30:00]} {[%emt
00:00:02]} d6 {[%clk 01:30:00]} {[%emt 00:00:03]} 7. Bf4 {[%clk 01:30:00]}
{[%emt 00:00:03]} e5 {[%clk 01:30:00]} {[%emt 00:00:03]} 8. Bg5 {[%clk
01:30:00]} {[%emt 00:00:02]} a6 {[%clk 01:30:00]} {[%emt 00:00:03]} 9. Na3
{[%clk 01:30:00]} {[%emt 00:00:03]} b5 {[%clk 01:30:00]} {[%emt 00:00:02]} 10.
Nd5 {[%clk 01:30:00]} {[%emt 00:00:03]} Be7 {[%clk 01:30:00]} {[%emt 00:00:03]}
11. Bxf6 {[%clk 01:30:00]} {[%emt 00:00:03]} Bxf6 {[%clk 01:30:00]} {[%emt
00:00:03]} 12. c4 {[%clk 01:30:00]} {[%emt 00:00:03]} b4 {[%clk 01:30:00]}
{[%emt 00:00:03]} 13. Nc2 {[%clk 01:30:00]} {[%emt 00:00:02]} a5 {[%clk
01:30:00]} {[%emt 00:00:03]} 14. g3 {[%clk 01:30:00]} {[%emt 00:00:03]} O-O
{[%clk 01:30:00]} {[%emt 00:00:03]} 15. Bg2 {[%clk 01:30:00]} {[%emt 00:00:02]}
Bg5 {[%clk 01:30:00]} {[%emt 00:00:04]} 16. O-O {[%clk 01:30:00]} {[%emt
00:00:05]} Be6 {[%clk 01:29:25]} {[%emt 00:00:40]} 17. Nde3 {[%clk 01:26:14]}
{[%emt 00:03:52]} g6 {[%clk 01:21:21]} {[%emt 00:08:08]} 18. Qd3 {[%clk
01:25:04]} {[%emt 00:01:15]} Qb6 {[%clk 00:57:30]} {[%emt 00:23:57]} 19. Rad1
{[%clk 01:24:16]} {[%emt 00:00:52]} Rac8 {[%clk 00:54:42]} {[%emt 00:02:54]} 20.
b3 {[%clk 01:24:08]} {[%emt 00:00:13]} Bh6 {[%clk 00:43:20]} {[%emt 00:11:26]}
21. Kh1 {[%clk 01:16:09]} {[%emt 00:08:04]} Bxe3 {[%emt 00:08:54]} 22. Nxe3
{[%clk 01:14:09]} {[%emt 00:00:38]} Nd4 {[%clk 00:35:35]} {[%emt 00:00:29]} 23.
f4 {[%clk 01:13:36]} {[%emt 00:00:37]} Qd8 {[%clk 00:30:08]} {[%emt 00:05:32]}
24. f5 {[%clk 00:58:51]} {[%emt 00:14:50]} Bd7 {[%clk 00:30:04]} {[%emt
00:00:09]} 25. Nd5 {[%clk 00:58:32]} {[%emt 00:00:24]} Bc6 {[%clk 00:29:43]}
{[%emt 00:00:26]} 26. f6 {[%clk 00:52:11]} {[%emt 00:06:26]} Bxd5 {[%clk
00:27:40]} {[%emt 00:02:08]} 27. exd5 {[%clk 00:51:30]} {[%emt 00:00:46]} h6
{[%clk 00:24:42]} {[%emt 00:03:03]} 28. Be4 {[%clk 00:50:33]} {[%emt 00:01:01]}
Qd7 {[%clk 00:20:29]} {[%emt 00:04:19]} 29. Kg2 {[%clk 00:34:17]} {[%emt
00:16:20]} Qg4 {[%clk 00:19:08]} {[%emt 00:01:28]} 30. Rd2 {[%clk 00:33:58]}
{[%emt 00:00:22]} a4 {[%clk 00:17:23]} {[%emt 00:01:52]} 31. h3 {[%clk
00:33:45]} {[%emt 00:00:17]} Qg5 {[%clk 00:17:22]} {[%emt 00:00:07]} 32. h4
{[%clk 00:27:11]} {[%emt 00:06:39]} Qg4 {[%clk 00:17:19]} {[%emt 00:00:08]} 33.
Bf3 {[%clk 00:26:48]} {[%emt 00:00:28]} Qf5 {[%clk 00:10:08]} {[%emt 00:07:16]}
34. Be4 {[%clk 00:26:20]} {[%emt 00:00:33]} Qg4 {[%clk 00:10:01]} {[%emt
00:00:12]} 35. Bf3 {[%clk 00:26:13]} {[%emt 00:00:13]} Nxf3 {[%clk 00:05:40]}
{[%emt 00:04:25]} 36. Qxf3 {[%clk 00:26:13]} {[%emt 00:00:05]} Qxf3+ {[%clk
00:05:15]} {[%emt 00:00:30]} 37. Kxf3 {[%clk 00:26:13]} {[%emt 00:00:05]} axb3
{[%clk 00:05:06]} {[%emt 00:00:14]} 38. axb3 {[%clk 00:26:13]} {[%emt
00:00:03]} Ra8 {[%clk 00:05:00]} {[%emt 00:00:11]} 39. Ke4 {[%clk 00:26:09]}
{[%emt 00:00:08]} Ra3 {[%clk 00:04:37]} {[%emt 00:00:28]} 40. Rb1 {[%clk
00:26:08]} {[%emt 00:00:06]} Rc8 {[%clk 00:04:25]} {[%emt 00:00:17]} 41. g4
{[%clk 00:24:55]} {[%emt 00:01:18]} Kf8 {[%clk 00:04:21]} {[%emt 00:00:10]} 42.
g5 {[%clk 00:24:55]} {[%emt 00:00:03]} h5 {[%clk 00:04:21]} {[%emt 00:00:05]}
43. Kd3 {[%clk 00:24:38]} {[%emt 00:00:21]} Ke8 {[%clk 00:04:19]} {[%emt
00:00:08]} 44. Kc2 {[%clk 00:24:34]} {[%emt 00:00:09]} Kd7 {[%clk 00:04:12]}
{[%emt 00:00:11]} 45. Rb2 {[%clk 00:24:02]} {[%emt 00:00:37]} Kc7 {[%emt
00:00:16]} 46. Rd1 {[%clk 00:22:38]} {[%emt 00:01:28]} Kb6 {[%clk 00:03:59]}
{[%emt 00:00:09]} 47. Rd2 {[%clk 00:22:34]} {[%emt 00:00:08]} Rca8 {[%clk
00:03:59]} {[%emt 00:00:06]} 48. Rd1 {[%clk 00:22:27]} {[%emt 00:00:11]} Kc5
{[%clk 00:03:53]} {[%emt 00:00:11]} 49. Rbb1 {[%clk 00:21:39]} {[%emt
00:00:54]} R8a7 {[%clk 00:03:48]} {[%emt 00:00:10]} 50. Rb2 {[%clk 00:20:05]}
{[%emt 00:01:39]} Ra1 {[%clk 00:03:09]} {[%emt 00:00:44]} 51. Rbb1 {[%clk
00:19:05]} {[%emt 00:01:06]} R7a2+ {[%clk 00:02:32]} {[%emt 00:00:41]} 52. Kd3
{[%clk 00:19:05]} {[%emt 00:00:05]} Rxb1 {[%emt 00:00:07]} 53. Rxb1 {[%clk
00:19:05]} {[%emt 00:00:02]} Rh2 {[%clk 00:01:56]} {[%emt 00:00:40]} 54. Ra1
{[%clk 00:19:05]} {[%emt 00:00:03]} Rh3+ {[%clk 00:01:56]} {[%emt 00:00:04]} 55.
Kc2 {[%clk 00:19:04]} {[%emt 00:00:06]} Rh2+ {[%clk 00:01:56]} {[%emt
00:00:05]} 56. Kd3 {[%clk 00:19:04]} {[%emt 00:00:05]} Rh3+ {[%clk 00:01:56]}
{[%emt 00:00:04]} 57. Kc2 {[%clk 00:19:04]} {[%emt 00:00:05]} Kd4 {[%clk
00:01:21]} {[%emt 00:00:40]} 58. Ra7 {[%clk 00:18:42]} {[%emt 00:00:26]} e4
{[%clk 00:01:04]} {[%emt 00:00:22]} 59. Rxf7 {[%clk 00:18:21]} {[%emt
00:00:25]} Rh2+ {[%clk 00:01:04]} {[%emt 00:00:06]} 60. Kb1 {[%clk 00:17:23]}
{[%emt 00:01:03]} Kc3 {[%clk 00:00:25]} {[%emt 00:01:07]} 61. Re7 {[%clk
00:13:28]} {[%emt 00:04:00]} Kxb3 {[%clk 00:00:25]} {[%emt 00:00:01]} 62. Kc1
{[%clk 00:13:27]} {[%emt 00:00:05]} Kc3 {[%clk 00:00:25]} {[%emt 00:00:03]} 63.
Kd1 {[%clk 00:13:20]} {[%emt 00:00:13]} b3 {[%clk 00:00:25]} 64. f7 {[%clk
00:13:08]} {[%emt 00:00:16]} b2 {[%clk 00:00:25]} {[%emt 00:00:02]} 65. Rb7
{[%clk 00:13:08]} {[%emt 00:00:04]} Rf2 {[%clk 00:00:25]} {[%emt 00:00:02]} 66.
c5 {[%clk 00:12:53]} {[%emt 00:00:20]} Rxf7 {[%clk 00:00:25]} {[%emt 00:00:03]}
67. Rxf7 {[%clk 00:11:46]} {[%emt 00:01:13]} b1=Q+ {[%emt 00:00:02]} 68. Ke2
{[%clk 00:11:23]} {[%emt 00:00:26]} Qd3+ {[%emt 00:01:08]} 69. Ke1 {[%clk
00:09:46]} {[%emt 00:00:36]} Qd2+ {[%clk 00:00:25]} {[%emt 00:00:01]} 70. Kf1
{[%clk 00:09:34]} {[%emt 00:00:13]} e3 {[%clk 00:00:25]} {[%emt 00:00:06]} 71.
cxd6 {[%clk 00:09:29]} {[%emt 00:00:10]} e2+ {[%clk 00:00:25]} {[%emt
00:00:01]} 72. Kg2 {[%clk 00:09:26]} {[%emt 00:00:06]} e1=Q+ {[%clk 00:00:25]}
{[%emt 00:00:03]} 73. Kh3 {[%clk 00:09:07]} {[%emt 00:00:24]} Qee3 {[%clk
00:00:25]} {[%emt 00:00:39]} 0-1

[Event "National Elementary Championship"]
[Site "Columbus, Ohio, United States"]
[Date "2022.05.15"]
[Round "6.12"]
[White "Zheng, Marcus"]
[Black "Mansurov, Yusuf"]
[Result "0-1"]
[TimeControl "G/90;d5"]
[WhiteElo "1826"]
[BlackElo "1919"]

1. d4 {[%clk 01:30:00]} {[%emt 00:00:04]} Nf6 {[%clk 01:29:59]} {[%emt
00:00:06]} 2. c4 {[%clk 01:30:00]} {[%emt 00:00:06]} e6 {[%clk 01:29:59]}
{[%emt 00:00:04]} 3. Nf3 {[%clk 01:29:54]} {[%emt 00:00:11]} d5 {[%clk
01:29:43]} {[%emt 00:00:21]} 4. Nc3 {[%clk 01:29:41]} {[%emt 00:00:18]} Be7
{[%clk 01:29:40]} {[%emt 00:00:08]} 5. e3 {[%clk 01:28:57]} {[%emt 00:00:48]}
O-O {[%clk 01:29:07]} {[%emt 00:00:38]} 6. Bd3 {[%clk 01:28:46]} {[%emt
00:00:16]} Nbd7 {[%clk 01:27:44]} {[%emt 00:01:28]} 7. O-O {[%clk 01:28:31]}
{[%emt 00:00:20]} b6 {[%clk 01:25:44]} {[%emt 00:02:06]} 8. e4 {[%clk
01:27:28]} {[%emt 00:01:08]} dxe4 {[%clk 01:25:32]} {[%emt 00:00:15]} 9. Nxe4
{[%clk 01:27:17]} {[%emt 00:00:16]} Bb7 {[%clk 01:25:20]} {[%emt 00:00:18]} 10.
Nxf6+ {[%clk 01:25:52]} {[%emt 00:01:29]} Nxf6 {[%clk 01:25:16]} {[%emt
00:00:10]} 11. Be3 {[%clk 01:24:58]} {[%emt 00:00:59]} c5 {[%clk 01:24:38]}
{[%emt 00:00:42]} 12. Be2 {[%clk 01:22:37]} {[%emt 00:02:27]} Qc7 {[%clk
01:20:52]} {[%emt 00:03:50]} 13. h3 {[%clk 01:19:28]} {[%emt 00:03:14]} Rad8
{[%clk 01:17:19]} {[%emt 00:03:39]} 14. Re1 {[%clk 01:10:51]} {[%emt 00:08:43]}
Bxf3 {[%clk 01:16:53]} {[%emt 00:00:30]} 15. gxf3 {[%clk 01:07:50]} {[%emt
00:03:05]} cxd4 {[%clk 01:16:17]} {[%emt 00:00:41]} 16. Bg5 {[%clk 01:07:25]}
{[%emt 00:00:30]} h6 {[%clk 01:12:49]} {[%emt 00:03:34]} 17. Bxf6 {[%clk
01:07:20]} {[%emt 00:00:10]} Bxf6 {[%clk 01:12:48]} {[%emt 00:00:06]} 18. Bd3
{[%clk 01:07:09]} {[%emt 00:00:16]} Qd6 {[%clk 01:10:33]} {[%emt 00:02:20]} 19.
Qe2 {[%clk 01:06:44]} {[%emt 00:00:29]} Qf4 {[%clk 01:08:01]} {[%emt 00:02:37]}
20. Qe4 {[%clk 01:04:15]} {[%emt 00:02:34]} Qxe4 {[%clk 01:07:58]} {[%emt
00:00:08]} 21. fxe4 {[%clk 01:04:15]} {[%emt 00:00:04]} e5 {[%clk 01:07:26]}
{[%emt 00:00:38]} 22. Kg2 {[%clk 01:02:56]} {[%emt 00:01:23]} Bg5 {[%clk
01:07:00]} {[%emt 00:00:31]} 23. Rg1 {[%clk 01:01:25]} {[%emt 00:01:36]} f6
{[%clk 01:04:15]} {[%emt 00:02:50]} 24. Kg3 {[%clk 00:59:42]} {[%emt 00:01:49]}
Kf7 {[%clk 01:01:32]} {[%emt 00:02:47]} 25. h4 {[%clk 00:58:12]} {[%emt
00:01:35]} Bf4+ {[%clk 01:01:23]} {[%emt 00:00:14]} 26. Kg4 {[%clk 00:57:06]}
{[%emt 00:01:11]} g6 {[%clk 01:00:47]} {[%emt 00:00:41]} 27. h5 {[%clk
00:54:37]} {[%emt 00:02:34]} gxh5+ {[%clk 00:59:35]} {[%emt 00:01:17]} 28. Kxh5
{[%clk 00:53:33]} {[%emt 00:01:09]} Rg8 {[%clk 00:59:07]} {[%emt 00:00:27]} 29.
Rg4 {[%clk 00:48:26]} {[%emt 00:05:17]} Rg5+ {[%clk 00:52:28]} {[%emt
00:06:44]} 30. Kh4 {[%clk 00:47:09]} {[%emt 00:01:23]} Rh8 {[%clk 00:50:36]}
{[%emt 00:01:56]} 31. Rag1 {[%clk 00:44:59]} {[%emt 00:02:15]} h5 {[%clk
00:50:27]} {[%emt 00:00:14]} 32. R4g2 {[%clk 00:43:35]} {[%emt 00:01:29]} Kg6
{[%clk 00:50:06]} {[%emt 00:00:25]} 33. Kh3 {[%clk 00:43:04]} {[%emt 00:00:38]}
Kh6 {[%clk 00:49:56]} {[%emt 00:00:15]} 34. Be2 {[%clk 00:40:28]} {[%emt
00:02:41]} Rhg8 {[%clk 00:49:08]} {[%emt 00:00:42]} 35. Bd3 {[%clk 00:38:37]}
{[%emt 00:02:07]} Rxg2 {[%clk 00:41:11]} {[%emt 00:08:02]} 36. Rxg2 {[%clk
00:38:37]} {[%emt 00:00:06]} Rxg2 {[%clk 00:41:11]} {[%emt 00:00:04]} 37. Kxg2
{[%clk 00:38:37]} {[%emt 00:00:03]} Kg5 {[%clk 00:39:53]} {[%emt 00:01:22]} 38.
Kf3 {[%clk 00:37:41]} {[%emt 00:01:00]} Bc1 {[%clk 00:39:30]} {[%emt 00:00:28]}
39. b3 {[%clk 00:37:30]} {[%emt 00:00:16]} h4 {[%clk 00:39:16]} {[%emt
00:00:19]} 40. Bf1 {[%clk 00:34:23]} {[%emt 00:03:13]} f5 {[%clk 00:37:56]}
{[%emt 00:01:25]} 41. exf5 {[%clk 00:34:16]} {[%emt 00:00:12]} Kxf5 {[%clk
00:37:47]} {[%emt 00:00:14]} 42. Bh3+ {[%clk 00:32:23]} {[%emt 00:01:57]} Kf6
{[%clk 00:37:23]} {[%emt 00:00:29]} 43. Ke4 {[%clk 00:31:52]} {[%emt 00:00:36]}
Bf4 {[%clk 00:36:58]} {[%emt 00:00:30]} 44. Bf1 {[%clk 00:30:01]} {[%emt
00:01:57]} a5 {[%clk 00:30:17]} {[%emt 00:06:46]} 45. Bh3 {[%clk 00:28:04]}
{[%emt 00:02:01]} Ke7 {[%clk 00:29:46]} {[%emt 00:00:37]} 46. Bf1 {[%clk
00:26:32]} {[%emt 00:01:37]} Kd6 {[%clk 00:25:18]} {[%emt 00:04:32]} 47. f3
{[%clk 00:24:41]} {[%emt 00:01:56]} Kc5 {[%clk 00:24:19]} {[%emt 00:01:04]} 48.
a3 {[%clk 00:21:57]} {[%emt 00:02:49]} Bc1 {[%clk 00:21:44]} {[%emt 00:02:41]}
49. b4+ {[%clk 00:19:32]} {[%emt 00:02:30]} axb4 {[%clk 00:20:58]} {[%emt
00:00:51]} 50. axb4+ {[%clk 00:19:29]} {[%emt 00:00:07]} Kxb4 {[%clk 00:20:50]}
{[%emt 00:00:13]} 51. Kxe5 {[%clk 00:18:44]} {[%emt 00:00:50]} Kc3 {[%clk
00:20:03]} {[%emt 00:00:51]} 52. Ke4 {[%clk 00:17:11]} {[%emt 00:01:38]} Bb2
{[%clk 00:18:46]} {[%emt 00:01:22]} 53. f4 {[%clk 00:16:06]} {[%emt 00:01:10]}
Ba3 {[%clk 00:15:46]} {[%emt 00:03:04]} 54. f5 {[%clk 00:13:58]} {[%emt
00:02:15]} Bc5 {[%clk 00:15:40]} {[%emt 00:00:11]} 55. f6 {[%clk 00:12:57]}
{[%emt 00:01:06]} Kd2 {[%clk 00:14:51]} {[%emt 00:00:54]} 56. f7 {[%clk
00:12:17]} {[%emt 00:00:44]} Ke1 {[%clk 00:14:44]} {[%emt 00:00:11]} 57. Bh3
{[%clk 00:11:36]} {[%emt 00:00:46]} Kf2 {[%clk 00:14:37]} {[%emt 00:00:12]} 58.
Kd3 {[%clk 00:09:16]} {[%emt 00:02:26]} Kg3 {[%clk 00:07:17]} {[%emt 00:07:26]}
59. Bf5 {[%clk 00:08:26]} {[%emt 00:00:55]} h3 {[%clk 00:07:02]} {[%emt
00:00:19]} 60. Be4 {[%clk 00:07:51]} {[%emt 00:00:40]} Kf2 {[%clk 00:06:48]}
{[%emt 00:00:19]} 61. f8=Q+ {[%clk 00:07:11]} {[%emt 00:00:45]} Bxf8 {[%clk
00:06:46]} {[%emt 00:00:07]} 62. Kxd4 {[%clk 00:07:06]} {[%emt 00:00:10]} h2
{[%clk 00:06:34]} {[%emt 00:00:17]} 63. Kd5 {[%clk 00:07:03]} {[%emt 00:00:09]}
Kg1 {[%clk 00:06:24]} {[%emt 00:00:15]} 64. Kc6 {[%clk 00:07:03]} {[%emt
00:00:04]} Bc5 {[%clk 00:06:24]} {[%emt 00:00:05]} 0-1

[Event "National Elementary Championship"]
[Site "Columbus, Ohio, United States"]
[Date "2022.05.15"]
[Round "6.13"]
[White "Das, Aditeya"]
[Black "Wang, Connor"]
[Result "1-0"]
[TimeControl "G/90;d5"]
[WhiteElo "1995"]
[BlackElo "1705"]

1. Nf3 {[%clk 01:30:00]} {[%emt 00:00:17]} d5 {[%clk 01:30:00]} 2. g3 {[%clk
01:30:00]} {[%emt 00:00:22]} c6 {[%clk 01:29:59]} 3. Bg2 {[%clk 01:30:00]} Nf6
{[%clk 01:29:52]} 4. O-O {[%clk 01:30:00]} {[%emt 00:00:09]} e6 {[%clk
01:29:42]} {[%emt 00:00:06]} 5. d4 {[%clk 01:30:00]} Nbd7 {[%clk 01:29:21]}
{[%emt 00:00:26]} 6. Bf4 {[%clk 01:28:42]} {[%emt 00:01:35]} Be7 {[%clk
01:28:01]} {[%emt 00:01:10]} 7. Nbd2 {[%clk 01:28:41]} {[%emt 00:00:36]} h5
{[%clk 01:27:40]} {[%emt 00:00:04]} 8. h4 {[%clk 01:28:09]} {[%emt 00:00:30]}
c5 {[%clk 01:24:47]} {[%emt 00:02:59]} 9. c3 {[%clk 01:27:39]} {[%emt
00:00:40]} b6 {[%clk 01:24:44]} {[%emt 00:00:31]} 10. Ne5 {[%clk 01:27:33]}
{[%emt 00:00:03]} Nxe5 {[%clk 01:22:34]} {[%emt 00:02:26]} 11. dxe5 {[%clk
01:27:33]} Nd7 {[%clk 01:19:34]} {[%emt 00:02:33]} 12. e4 {[%clk 01:27:24]}
{[%emt 00:00:25]} Bb7 {[%clk 01:14:28]} {[%emt 00:05:22]} 13. exd5 {[%clk
01:26:33]} {[%emt 00:00:39]} Bxd5 {[%clk 01:10:21]} {[%emt 00:04:11]} 14. Ne4
{[%clk 01:25:46]} {[%emt 00:00:49]} Bxe4 {[%clk 01:06:00]} {[%emt 00:04:36]} 15.
Bxe4 {[%clk 01:25:35]} {[%emt 00:00:22]} Rc8 {[%clk 01:05:51]} {[%emt
00:00:12]} 16. Qa4 {[%clk 01:24:51]} {[%emt 00:00:35]} g5 {[%clk 01:03:43]}
{[%emt 00:02:15]} 17. hxg5 {[%clk 01:24:22]} {[%emt 00:00:54]} Bxg5 {[%clk
01:02:53]} {[%emt 00:00:31]} 18. Bxg5 {[%clk 01:24:22]} {[%emt 00:00:35]} Qxg5
{[%clk 01:02:47]} {[%emt 00:00:04]} 19. Rad1 {[%clk 01:24:22]} Rc7 {[%clk
01:01:03]} {[%emt 00:01:28]} 20. Bc6 {[%clk 01:24:22]} {[%emt 00:00:19]} h4
{[%clk 01:00:27]} {[%emt 00:00:24]} 21. Rxd7 {[%clk 01:21:58]} {[%emt
00:02:32]} Rxd7 {[%clk 00:57:15]} {[%emt 00:03:14]} 22. Bxd7+ {[%clk 01:21:47]}
{[%emt 00:00:44]} Ke7 {[%clk 00:56:40]} {[%emt 00:00:12]} 23. Qc6 {[%clk
01:20:50]} {[%emt 00:01:37]} Kf8 {[%clk 00:56:05]} {[%emt 00:00:08]} 24. Qf3
{[%clk 01:10:33]} {[%emt 00:11:10]} Ke7 {[%clk 00:46:13]} {[%emt 00:09:09]} 25.
Bc6 {[%clk 01:09:32]} {[%emt 00:01:08]} Qxe5 {[%clk 00:45:35]} {[%emt
00:00:45]} 26. Rd1 {[%clk 01:09:15]} {[%emt 00:00:24]} f5 {[%clk 00:44:16]}
{[%emt 00:01:13]} 27. Qf4 {[%clk 01:08:01]} {[%emt 00:01:21]} Qf6 {[%clk
00:42:26]} {[%emt 00:02:08]} 28. Qc7+ {[%clk 01:07:10]} {[%emt 00:00:51]} Kf8
{[%clk 00:42:19]} {[%emt 00:00:07]} 29. Rd8+ {[%clk 01:07:07]} {[%emt
00:00:09]} Qxd8 {[%clk 00:42:19]} {[%emt 00:00:09]} 30. Qxd8+ {[%clk 01:07:07]}
Kg7 {[%clk 00:42:19]} {[%emt 00:00:11]} 31. Be8 {[%clk 01:06:31]} {[%emt
00:00:32]} f4 {[%clk 00:41:23]} {[%emt 00:01:07]} 32. Qe7+ {[%clk 01:06:06]}
{[%emt 00:00:23]} Kh6 {[%clk 00:41:00]} {[%emt 00:00:31]} 33. Qf6+ {[%clk
01:06:06]} {[%emt 00:00:05]} Kh7 {[%clk 00:41:00]} {[%emt 00:00:06]} 1-0

[Event "National Elementary Championship"]
[Site "Columbus, Ohio, United States"]
[Date "2022.05.15"]
[Round "6.14"]
[White "Rajaram, Rohan"]
[Black "Tse, Whitney"]
[Result "1/2-1/2"]
[TimeControl "G/90;d5"]
[WhiteElo "2042"]
[BlackElo "1677"]

1. d4 {[%clk 01:30:00]} {[%emt 00:00:07]} d5 {[%clk 01:30:00]} 2. c4 {[%clk
01:30:00]} {[%emt 00:00:37]} c6 {[%clk 01:30:00]} 3. cxd5 {[%clk 01:29:59]}
cxd5 {[%clk 01:30:00]} 4. Nc3 {[%clk 01:29:57]} Nf6 {[%clk 01:29:54]} 5. Bf4
{[%clk 01:29:52]} {[%emt 00:00:07]} Nc6 {[%clk 01:29:19]} {[%emt 00:00:39]} 6.
e3 {[%clk 01:29:37]} {[%emt 00:00:23]} e6 {[%clk 01:28:24]} {[%emt 00:00:54]} 7.
Bd3 {[%clk 01:29:18]} {[%emt 00:00:25]} Bd6 {[%clk 01:26:43]} {[%emt 00:01:44]}
8. Bg3 {[%clk 01:28:58]} {[%emt 00:00:28]} O-O {[%clk 01:25:24]} {[%emt
00:01:57]} 9. Nf3 {[%clk 01:28:13]} {[%emt 00:00:26]} a6 {[%clk 01:23:01]}
{[%emt 00:02:17]} 10. a4 {[%clk 01:26:45]} {[%emt 00:01:34]} Qc7 {[%clk
01:20:07]} {[%emt 00:03:05]} 11. O-O {[%clk 01:25:05]} {[%emt 00:01:49]} Bxg3
{[%clk 01:16:31]} {[%emt 00:03:34]} 12. hxg3 {[%clk 01:25:03]} {[%emt
00:00:08]} Bd7 {[%clk 01:16:21]} {[%emt 00:00:19]} 13. Rc1 {[%clk 01:21:26]}
{[%emt 00:03:37]} Qb6 {[%clk 01:13:22]} {[%emt 00:03:02]} 14. Qe2 {[%clk
01:19:16]} {[%emt 00:02:15]} Rac8 {[%clk 01:12:40]} {[%emt 00:00:46]} 15. Ne5
{[%clk 01:15:00]} {[%emt 00:04:25]} Nxe5 {[%clk 01:05:16]} {[%emt 00:07:34]} 16.
dxe5 {[%clk 01:14:57]} {[%emt 00:00:07]} Ne4 {[%clk 01:05:04]} {[%emt
00:00:17]} 17. Bxe4 {[%clk 01:10:33]} {[%emt 00:04:20]} dxe4 {[%clk 01:05:00]}
{[%emt 00:00:36]} 18. Rfd1 {[%clk 01:07:44]} {[%emt 00:02:34]} Bc6 {[%clk
01:02:23]} {[%emt 00:02:36]} 19. Qc2 {[%clk 01:03:21]} {[%emt 00:04:31]} Qa5
{[%clk 00:58:56]} {[%emt 00:03:28]} 20. Rd4 {[%clk 00:58:41]} {[%emt 00:04:52]}
Qxe5 {[%clk 00:51:58]} {[%emt 00:06:55]} 21. Nxe4 {[%clk 00:57:41]} {[%emt
00:01:05]} Rcd8 {[%clk 00:47:38]} {[%emt 00:04:35]} 22. Rxd8 {[%clk 00:55:27]}
{[%emt 00:02:10]} Rxd8 {[%clk 00:47:33]} {[%emt 00:00:40]} 23. Nc3 {[%clk
00:54:44]} {[%emt 00:00:26]} g6 {[%clk 00:39:31]} {[%emt 00:07:59]} 24. Rd1
{[%clk 00:44:16]} {[%emt 00:10:33]} Rxd1+ {[%clk 00:35:02]} {[%emt 00:04:34]}
25. Qxd1 {[%clk 00:43:35]} {[%emt 00:00:46]} Qc5 {[%clk 00:33:38]} {[%emt
00:01:28]} 26. Qd8+ {[%clk 00:41:53]} {[%emt 00:01:48]} Kg7 {[%clk 00:32:38]}
{[%emt 00:01:25]} 27. Qd3 {[%clk 00:35:21]} {[%emt 00:06:15]} Qb4 {[%clk
00:30:26]} {[%emt 00:02:18]} 28. Qc2 {[%clk 00:34:58]} {[%emt 00:00:53]} h5
{[%clk 00:24:13]} {[%emt 00:05:54]} 29. e4 {[%clk 00:33:22]} {[%emt 00:01:41]}
f5 {[%clk 00:21:41]} {[%emt 00:02:36]} 30. exf5 {[%clk 00:32:28]} {[%emt
00:01:00]} exf5 {[%clk 00:21:16]} {[%emt 00:00:32]} 31. Qe2 {[%clk 00:31:41]}
{[%emt 00:00:49]} Kf6 {[%clk 00:18:30]} {[%emt 00:02:52]} 32. Qd2 {[%clk
00:31:26]} {[%emt 00:00:37]} Qc5 {[%clk 00:16:52]} {[%emt 00:01:25]} 33. Qd8+
{[%clk 00:28:35]} {[%emt 00:02:58]} Qe7 {[%clk 00:15:22]} {[%emt 00:01:40]} 34.
Qb6 {[%clk 00:25:10]} {[%emt 00:03:19]} 1/2-1/2